[Event "Aut_chT"]
[Site "Jenbach"]
[Date "2003.01.23"]
[Round "5.2"]
[White "Hangweyrer, Roman"]
[Black "Moser, Guenter"]
[Result "1/2-1/2"]
[WhiteElo "2162"]
[BlackElo "2357"]
[PlyCount "50"]
[EventDate "2003.01.23"]

1. c4 f5 2. Nf3 Nf6 3. g3 g6 4. d4 Bg7 5. Bg2 O-O 6. Nc3 d6 7. O-O Nc6 8. d5
Ne5 9. Nxe5 dxe5 10. e4 f4 11. gxf4 exf4 12. e5 Ng4 13. e6 Ne5 14. c5 f3 15.
Bh3 g5 16. Qa4 h6 17. Rd1 b6 18. Be3 bxc5 19. Bxc5 Rf4 20. Rd4 Nd3 21. Rxf4
Nxf4 22. Bf1 Bb7 23. Rd1 Qf8 24. Qe4 Rd8 25. Bc4 Bxc3 1/2-1/2

[Event "Aut_chT"]
[Site "Jenbach"]
[Date "2003.01.23"]
[Round "5.2"]
[White "Waldmann, Gerald"]
[Black "Prager, Manfred"]
[Result "1/2-1/2"]
[WhiteElo "2160"]
[BlackElo "2087"]
[PlyCount "25"]
[EventDate "2003.01.23"]

1. e4 c6 2. d4 d5 3. exd5 cxd5 4. c4 dxc4 5. Bxc4 e6 6. Nf3 Nf6 7. Nc3 Be7 8.
O-O O-O 9. Ne5 a6 10. Be3 b5 11. Qf3 Qc7 12. Qxa8 Bb7 13. Qa7 1/2-1/2

[Event "Aut_chT"]
[Site "Jenbach"]
[Date "2003.01.23"]
[Round "5.3"]
[White "Varga, Peter"]
[Black "Kindermann, Stefan"]
[Result "1/2-1/2"]
[WhiteElo "2486"]
[BlackElo "2516"]
[PlyCount "40"]
[EventDate "2003.01.23"]

1. d4 f5 2. g3 Nf6 3. Bg2 g6 4. Nh3 Bg7 5. Nf4 Nc6 6. h4 e5 7. dxe5 Nxe5 8. h5
c6 9. hxg6 hxg6 10. Rxh8+ Bxh8 11. Qd6 Qe7 12. Qxe7+ Kxe7 13. Nd2 d5 14. Nf3
Nxf3+ 15. Bxf3 Kf7 16. Nd3 Ne4 17. Be3 b6 18. O-O-O Bb7 19. Rh1 Bg7 20. g4 Rh8
1/2-1/2

[Event "Aut_chT"]
[Site "Jenbach"]
[Date "2003.01.23"]
[Round "5.3"]
[White "Kosten, Anthony C"]
[Black "Vogt, Lothar"]
[Result "1-0"]
[WhiteElo "2545"]
[BlackElo "2479"]
[PlyCount "103"]
[EventDate "2003.01.23"]

1. c4 c5 2. Nf3 g6 3. d4 cxd4 4. Nxd4 Nc6 5. e4 Nf6 6. Nc3 d6 7. Be2 Nxd4 8.
Qxd4 Bg7 9. Be3 O-O 10. Qd2 Be6 11. Rc1 a5 12. O-O a4 13. f3 Nd7 14. Nd5 Nc5
15. Qb4 Bxd5 16. cxd5 Qa5 17. Qxa5 Rxa5 18. Rc2 f5 19. exf5 Rxf5 20. f4 Rf8 21.
Rb1 Rfa8 22. g3 Kf8 23. Kg2 Rb8 24. Bd2 Raa8 25. Bb5 a3 26. b4 Ne4 27. Be1 Rc8
28. Rbc1 Rxc2+ 29. Rxc2 Nf6 30. Rc7 Rb8 31. Rc3 Nxd5 32. Rxa3 Rc8 33. Kf3 Bc3
34. Bxc3 Nxc3 35. Bd3 Nd5 36. Rb3 Nb6 37. h4 Ra8 38. a3 Kf7 39. Ke4 Rc8 40. Kd4
h5 41. Be4 Rc4+ 42. Kd3 Rc7 43. Rc3 Rd7 44. Kc2 Kf6 45. Kb3 d5 46. Bd3 d4 47.
Rc5 Nd5 48. a4 Ne3 49. b5 Nf5 50. b6 Ke6 51. a5 Kd6 52. Bxf5 1-0

[Event "Aut_chT"]
[Site "Jenbach"]
[Date "2003.01.23"]
[Round "5.3"]
[White "Lehner, Oliver"]
[Black "Freitag, Manfred"]
[Result "1/2-1/2"]
[WhiteElo "2406"]
[BlackElo "2389"]
[PlyCount "33"]
[EventDate "2003.01.23"]

1. Nf3 Nf6 2. c4 g6 3. Nc3 Bg7 4. g3 O-O 5. Bg2 d6 6. O-O c6 7. d4 Qa5 8. e4
Bg4 9. Qb3 Nfd7 10. Be3 Qb6 11. Qa3 Bxf3 12. Bxf3 a5 13. Rfd1 Qb4 14. Qb3 Na6
15. Be2 Qxb3 16. axb3 Nb4 17. Rd2 1/2-1/2

[Event "Aut_chT"]
[Site "Jenbach"]
[Date "2003.01.23"]
[Round "5.3"]
[White "Karner, Christoph"]
[Black "Ganaus, Hannes"]
[Result "1-0"]
[WhiteElo "2343"]
[BlackElo "2360"]
[PlyCount "69"]
[EventDate "2003.01.23"]

1. d4 d5 2. c4 c6 3. Nf3 Nf6 4. Nc3 a6 5. c5 g6 6. Bf4 Nh5 7. e3 Nxf4 8. exf4
Qc7 9. Qd2 Bh6 10. g3 f6 11. Bg2 O-O 12. Qe2 Bg4 13. O-O Nd7 14. h3 Bxf3 15.
Qe6+ Rf7 16. Bxf3 Nf8 17. Qe2 Re8 18. Rfe1 Bg7 19. Qc2 e5 20. Bg2 Ne6 21. dxe5
fxe5 22. fxe5 Bxe5 23. Rad1 g5 24. Nxd5 cxd5 25. Bxd5 Kg7 26. Qe2 Nf8 27. Bxf7
Qxf7 28. Qe4 Ng6 29. Qg4 Kh6 30. Rd7 Qf6 31. Re3 Rf8 32. Re2 Qc6 33. h4 Bf6 34.
hxg5+ Bxg5 35. Re6 1-0

[Event "Aut_chT"]
[Site "Jenbach"]
[Date "2003.01.23"]
[Round "5.3"]
[White "Bokros, Albert"]
[Black "Wittmann, Walter"]
[Result "1-0"]
[WhiteElo "2420"]
[BlackElo "2345"]
[PlyCount "81"]
[EventDate "2003.01.23"]

1. e4 c5 2. Nf3 Nc6 3. d4 cxd4 4. Nxd4 Nf6 5. Nc3 d6 6. Bg5 Bd7 7. Qd2 Rc8 8.
f4 h6 9. Bxf6 gxf6 10. Nf5 Qa5 11. Bd3 Nb4 12. O-O Nxd3 13. Qxd3 Qb6+ 14. Ne3
Qxb2 15. Ncd5 Qb5 16. c4 Qc5 17. Kh1 Bg7 18. Nf5 Bxf5 19. exf5 Qxc4 20. Qd2 Rc5
21. Rad1 Rxd5 22. Qxd5 Qxd5 23. Rxd5 Kd7 24. Rb5 b6 25. Rc1 Rc8 26. Rxc8 Kxc8
27. Rb3 Bf8 28. Ra3 a5 29. Rg3 Kd7 30. Rg8 Ke8 31. a4 e6 32. Kg1 d5 33. Kf2 Ke7
34. Ke3 Ke8 35. Kd4 Ke7 36. g4 Ke8 37. h4 Ke7 38. h5 b5 39. axb5 a4 40. b6 a3
41. Rxf8 1-0

[Event "Aut_chT"]
[Site "Jenbach"]
[Date "2003.01.23"]
[Round "5.3"]
[White "Singer, Richard"]
[Black "Weissenbeck, Manuel"]
[Result "1-0"]
[WhiteElo "2281"]
[BlackElo "2225"]
[PlyCount "112"]
[EventDate "2003.01.23"]

1. d4 Nf6 2. Nf3 g6 3. g3 Bg7 4. Bg2 O-O 5. O-O d6 6. c4 Nc6 7. Nc3 a6 8. h3
Rb8 9. Qd3 e5 10. Bg5 Qe8 11. dxe5 dxe5 12. Bxf6 Bxf6 13. Nd5 Bd8 14. Qd2 f6
15. Rad1 Be6 16. Ne1 Nd4 17. Nc2 Nxc2 18. Qxc2 c6 19. Ne3 Be7 20. c5 Qf7 21. b3
Rfd8 22. Qc3 Qf8 23. Rc1 Rd7 24. Nc4 Rbd8 25. Na5 Rc7 26. a3 Rd4 27. e3 Rdd7
28. b4 Qd8 29. Qa1 Rd2 30. Rcd1 Rxd1 31. Rxd1 Rd7 32. Rxd7 Qxd7 33. Qf1 Bd8 34.
Nc4 Bc7 35. Kh2 Kg7 36. Qe2 h5 37. h4 f5 38. f4 e4 39. Qb2+ Kh7 40. Ne5 Qd1 41.
Qd4 Qxd4 42. exd4 Bxe5 43. fxe5 Bc4 44. Kg1 e3 45. a4 Kg7 46. b5 axb5 47. axb5
Bxb5 48. d5 cxd5 49. Bxd5 Bc6 50. Be6 Be4 51. Kf1 g5 52. hxg5 Bd3+ 53. Kg2 Be4+
54. Kf1 Kg6 55. Ke2 h4 56. gxh4 f4 1-0

[Event "Aut_chT"]
[Site "Jenbach"]
[Date "2003.01.23"]
[Round "5.4"]
[White "Schmittdiel, Eckhard"]
[Black "Wells, Peter"]
[Result "1/2-1/2"]
[WhiteElo "2491"]
[BlackElo "2486"]
[PlyCount "74"]
[EventDate "2003.01.23"]

1. c4 Nf6 2. Nc3 e6 3. Nf3 d5 4. d4 dxc4 5. e3 a6 6. Bxc4 b5 7. Bb3 Bb7 8. O-O
c5 9. Ne5 Nc6 10. f4 cxd4 11. Nxc6 Bxc6 12. exd4 Be7 13. f5 exf5 14. Rxf5 Qd7
15. Rg5 O-O 16. a3 Rad8 17. Be3 Ne4 18. Re5 Nxc3 19. bxc3 Bd6 20. Rh5 Rde8 21.
Bf2 Be4 22. a4 Qc6 23. axb5 axb5 24. c4 bxc4 25. Ba4 Qb7 26. Bxe8 Rxe8 27. Qa4
Rc8 28. Bg3 Bxg3 29. hxg3 Qb2 30. Ra2 Qxd4+ 31. Kh2 h6 32. Ra5 Rb8 33. Rb5 Ra8
34. Qxa8+ Bxa8 35. Rxa8+ Kh7 36. Rc8 Qd7 37. Rbc5 Kg6 1/2-1/2

[Event "Aut_chT"]
[Site "Jenbach"]
[Date "2003.01.23"]
[Round "5.4"]
[White "Rabiega, Robert"]
[Black "Bromberger, Stefan"]
[Result "0-1"]
[WhiteElo "2503"]
[BlackElo "2417"]
[PlyCount "84"]
[EventDate "2003.01.23"]

1. e4 c5 2. c3 d5 3. exd5 Qxd5 4. d4 Nf6 5. Nf3 Bg4 6. dxc5 Qxd1+ 7. Kxd1 e5 8.
b4 e4 9. h3 Bh5 10. g4 Nxg4 11. hxg4 Bxg4 12. Nbd2 exf3 13. Bd3 Nd7 14. Re1+
Be7 15. Kc2 h5 16. Be4 O-O-O 17. Nc4 Rhe8 18. Na5 Bxc5 19. Bxb7+ Kc7 20. bxc5
Rxe1 21. Bf4+ Re5 22. c6 g5 23. Bh2 f5 24. Bxe5+ Nxe5 25. Re1 Rd5 26. Nb3 Nxc6
27. Bxc6 Kxc6 28. c4 Rd7 29. Kc3 h4 30. Nd4+ Kc7 31. c5 h3 32. Nb5+ Kb7 33. Re6
Rh7 34. c6+ Kb6 35. c7+ Kb7 36. Ra6 Rh8 37. Rxa7+ Kb6 38. Kb4 f4 39. c8=N+ Bxc8
40. a4 h2 41. Rc7 Bb7 42. Rg7 h1=Q 0-1

[Event "Aut_chT"]
[Site "Jenbach"]
[Date "2003.01.23"]
[Round "5.4"]
[White "Duer, Arne"]
[Black "Paehtz, Thomas"]
[Result "1/2-1/2"]
[WhiteElo "2365"]
[BlackElo "2459"]
[PlyCount "53"]
[EventDate "2003.01.23"]

1. c4 g6 2. Nc3 Bg7 3. d4 d6 4. e4 Nf6 5. Be2 O-O 6. Nf3 e5 7. dxe5 dxe5 8.
Qxd8 Rxd8 9. Bg5 Nbd7 10. O-O-O Rf8 11. Ne1 c6 12. Be3 Re8 13. Nc2 Nf8 14. f3
Nh5 15. g3 f5 16. Rd6 Nf6 17. Rhd1 fxe4 18. fxe4 Ng4 19. Bg1 Nh6 20. Rd8 Rxd8
21. Rxd8 Bf6 22. Rd1 Be6 23. b3 Nf7 24. h4 Be7 25. Kb2 Nd7 26. Na4 Nf6 27. Nc3
1/2-1/2

[Event "Aut_chT"]
[Site "Jenbach"]
[Date "2003.01.23"]
[Round "5.4"]
[White "Fahrner, Kurt"]
[Black "Pilz, Dieter"]
[Result "1-0"]
[WhiteElo "2364"]
[BlackElo "2309"]
[PlyCount "111"]
[EventDate "2003.01.23"]

1. c4 Nf6 2. Nc3 c5 3. g3 g6 4. Bg2 Bg7 5. a3 Nc6 6. Rb1 a5 7. Nh3 O-O 8. Nf4
d6 9. d3 Bd7 10. Bd2 Rb8 11. O-O Nd4 12. b4 axb4 13. axb4 Bc6 14. Nfd5 e6 15.
b5 exd5 16. bxc6 bxc6 17. e3 Ne6 18. cxd5 cxd5 19. Nxd5 Nxd5 20. Bxd5 Qd7 21.
Qc2 Nc7 22. Bf3 h5 23. Qc4 Rfc8 24. Rfc1 Bf8 25. Bc3 d5 26. Qf4 Rxb1 27. Rxb1
Ne6 28. Qh4 Be7 29. Qh3 d4 30. Rb7 Rc7 31. Rb8+ Rc8 32. Rb7 Rc7 33. Rb8+ Rc8
34. Rxc8+ Qxc8 35. exd4 cxd4 36. Be1 Qc1 37. Qf1 Qb2 38. Qe2 Qb1 39. Qd1 Qb2
40. Qd2 Qb1 41. Bd5 Kg7 42. Kg2 Nc5 43. Bc4 Qb7+ 44. f3 Bf6 45. Qb4 Qc8 46. Qb5
h4 47. gxh4 Nb7 48. Bg3 Nd8 49. h5 Ne6 50. hxg6 Kxg6 51. Qd5 Ng5 52. h4 Ne6 53.
Qe4+ Kh6 54. Qf5 Kg7 55. h5 Qh8 56. Bxe6 1-0

[Event "Aut_chT"]
[Site "Jenbach"]
[Date "2003.01.23"]
[Round "5.4"]
[White "Ferrari, Josef"]
[Black "Frosch, Erich"]
[Result "1/2-1/2"]
[WhiteElo "2220"]
[BlackElo "2343"]
[PlyCount "41"]
[EventDate "2003.01.23"]

1. c4 Nf6 2. d4 e6 3. Nf3 d5 4. g3 c6 5. Bg2 Nbd7 6. Qc2 Be7 7. O-O Ne4 8. Ne5
Nd6 9. Nxd7 Bxd7 10. Nd2 Nf5 11. Nf3 Bf6 12. e4 Nxd4 13. Nxd4 Bxd4 14. exd5
cxd5 15. cxd5 e5 16. Be3 Bxe3 17. fxe3 Qb6 18. Qc3 f6 19. Rfc1 Ke7 20. Qa3+ Kf7
21. Rc3 1/2-1/2

[Event "Aut_chT"]
[Site "Jenbach"]
[Date "2003.01.23"]
[Round "5.4"]
[White "Ebner, Hubert"]
[Black "Gerhold, Michael"]
[Result "1/2-1/2"]
[WhiteElo "2235"]
[BlackElo "2205"]
[PlyCount "113"]
[EventDate "2003.01.23"]

1. d4 d5 2. c4 e6 3. g3 Nf6 4. Nf3 dxc4 5. Qa4+ c6 6. Qxc4 b5 7. Qb3 Bb7 8. Bg2
Nbd7 9. O-O Qb6 10. a4 bxa4 11. Qxa4 c5 12. Be3 Bc6 13. dxc5 Bxc5 14. Bxc5 Nxc5
15. Qa5 Nb3 16. Qxb6 axb6 17. Rxa8+ Bxa8 18. Nfd2 Bxg2 19. Kxg2 Na5 20. Rc1 Kd7
21. b4 Nc6 22. Nc4 Nxb4 23. Nxb6+ Kd6 24. Na3 Rb8 25. Nbc4+ Ke7 26. Ne5 Nfd5
27. e4 f6 28. exd5 fxe5 29. dxe6 Kxe6 30. Rc7 Kf6 31. Nc4 Nd3 32. Rc6+ Ke7 33.
Rc7+ Kf6 34. Rd7 Rb4 35. Ne3 Rd4 36. Ra7 h6 37. Ra6+ Kf7 38. Ra7+ Kf6 39. Ra6+
Kf7 40. Nf5 Rd7 41. h4 h5 42. Nd6+ Ke7 43. Ne4 Ne1+ 44. Kf1 Nf3 45. Ke2 Nd4+
46. Ke3 Nf5+ 47. Kf3 Nd6 48. Rc6 Nxe4 49. Kxe4 Rd2 50. f3 Re2+ 51. Kd3 Re1 52.
Rg6 Kf7 53. Rg5 g6 54. Kd2 Rg1 55. Ke3 Kf6 56. Ke4 Ra1 57. Ke3 1/2-1/2

[Event "Aut_chT"]
[Site "Jenbach"]
[Date "2003.01.23"]
[Round "5.5"]
[White "Atlas, Valery"]
[Black "Almasi, Zoltan"]
[Result "1/2-1/2"]
[WhiteElo "2477"]
[BlackElo "2676"]
[PlyCount "90"]
[EventDate "2003.01.23"]

1. e4 c5 2. Nf3 d6 3. d4 cxd4 4. Nxd4 Nf6 5. Nc3 a6 6. g3 Nc6 7. Bg2 Bd7 8. O-O
g6 9. Nd5 Bg7 10. Be3 O-O 11. Nxc6 bxc6 12. Bb6 Qb8 13. Nxe7+ Kh8 14. e5 dxe5
15. Bc5 e4 16. Qd4 Re8 17. Rae1 Be6 18. Bxe4 Nxe4 19. Qxe4 Bh3 20. Bd4 Qd8 21.
Bxg7+ Kxg7 22. Qxc6 Bxf1 23. Qc3+ f6 24. Re6 Rf8 25. Kxf1 Qd7 26. Qc6 Rad8 27.
Re1 Qh3+ 28. Kg1 Rfe8 29. c3 a5 30. b4 Qd7 31. Nf5+ Kg8 32. Qc4+ Kh8 33. Ne3
axb4 34. cxb4 Qe6 35. Qxe6 Rxe6 36. Re2 Ra6 37. g4 Rda8 38. Nd5 Rd6 39. Ne3 Rd4
40. Rb2 Ra4 41. Nc2 Rxg4+ 42. Kf1 Re4 43. b5 Re7 44. Nb4 Rea7 45. Na6 R7xa6
1/2-1/2

[Event "Aut_chT"]
[Site "Jenbach"]
[Date "2003.01.23"]
[Round "5.5"]
[White "Pinter, Jozsef"]
[Black "Gustafsson, Jan"]
[Result "1/2-1/2"]
[WhiteElo "2562"]
[BlackElo "2566"]
[PlyCount "120"]
[EventDate "2003.01.23"]

1. d4 Nf6 2. c4 g6 3. Nc3 d5 4. cxd5 Nxd5 5. e4 Nxc3 6. bxc3 Bg7 7. Bc4 O-O 8.
Ne2 c5 9. O-O Nc6 10. Be3 Bg4 11. f3 Na5 12. Bxf7+ Rxf7 13. fxg4 Rxf1+ 14. Kxf1
cxd4 15. cxd4 e5 16. Kg1 Rc8 17. Rb1 Nc4 18. Bf2 Qd7 19. h3 b6 20. Rc1 b5 21.
dxe5 Qxd1+ 22. Rxd1 Nxe5 23. Nd4 Rd8 24. Rb1 a6 25. Ne6 Rd2 26. a3 Nc4 27. Bc5
Ra2 28. Nxg7 Kxg7 29. Rf1 Rd2 30. g5 Rd8 31. Rf6 a5 32. Ra6 Rd7 33. e5 Rc7 34.
Bf2 b4 35. axb4 axb4 36. e6 Kf8 37. Bd4 b3 38. Bf6 Rc8 39. Ra7 b2 40. Rb7 Re8
41. e7+ Kf7 42. Kh2 Ke6 43. h4 Ne3 44. Rxb2 Ng4+ 45. Kh3 Nxf6 46. Rb6+ Kxe7 47.
gxf6+ Kf7 48. g4 Re3+ 49. Kg2 h6 50. Kf2 Ra3 51. g5 hxg5 52. hxg5 Ra5 53. Rb7+
Kf8 54. Rg7 Rxg5 55. Ke3 Rf5 56. Rxg6 Kf7 57. Rh6 Rxf6 58. Rh7+ Ke6 59. Ke4 Rg6
60. Ra7 Rg4+ 1/2-1/2

[Event "Aut_chT"]
[Site "Jenbach"]
[Date "2003.01.23"]
[Round "5.5"]
[White "Naumann, Alexander"]
[Black "Baumegger, Siegfried"]
[Result "1/2-1/2"]
[WhiteElo "2524"]
[BlackElo "2350"]
[PlyCount "85"]
[EventDate "2003.01.23"]

1. e4 e5 2. Nf3 Nc6 3. Bb5 a6 4. Ba4 Nf6 5. O-O Be7 6. Bxc6 dxc6 7. d3 Nd7 8.
Nbd2 O-O 9. Nc4 f6 10. Nh4 Nc5 11. Nf5 Bxf5 12. exf5 Qd5 13. Qg4 Rfe8 14. Nd2
Rad8 15. Re1 Bf8 16. Ne4 Nxe4 17. Rxe4 Qc5 18. Qe2 Rd4 19. c3 Rxe4 20. dxe4 Rd8
21. Be3 Qb5 22. Kf1 b6 23. Qxb5 cxb5 24. Ke2 b4 25. cxb4 Bxb4 26. Rc1 Bd6 27.
g4 h6 28. h4 Kf7 29. g5 hxg5 30. hxg5 fxg5 31. Bxg5 Rh8 32. Be3 Rg8 33. Rh1 g6
34. Rh7+ Kf6 35. fxg6 Rxg6 36. Kd3 Ke6 37. a4 a5 38. b3 Rg8 39. Kc4 Rg4 40. Kd3
Rg8 41. Rh5 Rg4 42. Rh8 Kd7 43. Rh1 1/2-1/2

[Event "Aut_chT"]
[Site "Jenbach"]
[Date "2003.01.23"]
[Round "5.5"]
[White "Wach, Markus"]
[Black "Novkovic, Milan"]
[Result "1-0"]
[WhiteElo "2388"]
[BlackElo "2395"]
[PlyCount "73"]
[EventDate "2003.01.23"]

1. e4 e6 2. d4 d5 3. Nc3 Nf6 4. e5 Nfd7 5. f4 c5 6. Nf3 Nc6 7. Be3 a6 8. Qd2 b5
9. Bd3 b4 10. Nd1 Qb6 11. f5 cxd4 12. fxe6 fxe6 13. Bf4 Be7 14. O-O O-O 15. Nf2
Nc5 16. Rae1 Bd7 17. Bg5 Nxd3 18. Nxd3 a5 19. h4 Bxg5 20. Nxg5 Ne7 21. g4 Bb5
22. h5 h6 23. Nh3 Bxd3 24. Qxd3 Rxf1+ 25. Kxf1 Rf8+ 26. Kg2 Qc7 27. Qd2 Qc4 28.
Kg3 Nc6 29. Nf4 Re8 30. Qd3 Qxd3+ 31. cxd3 Kf7 32. Ng6 Ne7 33. Rf1+ Kg8 34. Rc1
Kh7 35. Nf4 g6 36. Rc7 gxh5 37. Nxh5 1-0

[Event "Aut_chT"]
[Site "Jenbach"]
[Date "2003.01.23"]
[Round "5.5"]
[White "Gaertner, Guntram"]
[Black "Kuba, Guenter"]
[Result "1/2-1/2"]
[WhiteElo "2357"]
[BlackElo "2307"]
[PlyCount "102"]
[EventDate "2003.01.23"]

1. d4 d5 2. c4 Nc6 3. Nf3 Bg4 4. Nc3 e6 5. Bg5 Be7 6. Bxe7 Ngxe7 7. e3 O-O 8.
Bd3 h6 9. h3 Bh5 10. O-O f5 11. Rc1 f4 12. g4 fxg3 13. fxg3 Qd6 14. Kg2 Bxf3+
15. Rxf3 Rxf3 16. Qxf3 dxc4 17. Bxc4 Rf8 18. Qe4 Rf6 19. Rf1 Rxf1 20. Kxf1 Nd8
21. Kf2 c6 22. Qf4 Qxf4+ 23. gxf4 Nf5 24. Ne4 Kf7 25. a3 a5 26. b4 axb4 27.
axb4 b5 28. Bb3 Ke7 29. Nc5 Kf6 30. Kf3 g6 31. Nd7+ Ke7 32. Ne5 Kf6 33. Ng4+
Ke7 34. Bc2 Nf7 35. Be4 Kd7 36. Nf6+ Ke7 37. Ng4 Kd7 38. Bd3 Ke7 39. Ke2 Kd6
40. Kd2 g5 41. fxg5 Nxg5 42. Nf2 Nf3+ 43. Ke2 Ng1+ 44. Kf1 Nxh3 45. Nxh3 Nxe3+
46. Ke2 Nd5 47. Be4 Nxb4 48. Nf2 Nd5 49. Bf3 Nf6 50. Nd3 h5 51. Nf4 e5 1/2-1/2

[Event "Aut_chT"]
[Site "Jenbach"]
[Date "2003.01.23"]
[Round "5.5"]
[White "Postl, Anton"]
[Black "Burschowsky, Matthias"]
[Result "1-0"]
[WhiteElo "2322"]
[BlackElo "2169"]
[PlyCount "55"]
[EventDate "2003.01.23"]

1. Nf3 Nf6 2. g3 d5 3. Bg2 Bf5 4. O-O e6 5. d3 Be7 6. Nbd2 h6 7. Re1 c6 8. e4
dxe4 9. dxe4 Bh7 10. Qe2 O-O 11. b3 Nbd7 12. Bb2 Nc5 13. Red1 Qc7 14. e5 Nd5
15. Ne1 Rfd8 16. Nc4 b5 17. Nd6 b4 18. Qc4 Bxd6 19. exd6 Qxd6 20. a3 a5 21.
axb4 axb4 22. Rxa8 Rxa8 23. Qxb4 Nxb4 24. Rxd6 Rc8 25. Ba3 Nca6 26. Bf1 Ra8 27.
c3 Nd5 28. Bxa6 1-0

[Event "Aut_chT"]
[Site "Jenbach"]
[Date "2003.01.23"]
[Round "5.6"]
[White "Dorfman, Iossif"]
[Black "Mueller, Karsten"]
[Result "1/2-1/2"]
[WhiteElo "2610"]
[BlackElo "2507"]
[PlyCount "61"]
[EventDate "2003.01.23"]

1. e4 d5 2. exd5 Qxd5 3. Nc3 Qa5 4. d4 c6 5. Nf3 Bf5 6. Bc4 e6 7. Nh4 Bg6 8.
Nxg6 hxg6 9. Qe2 Nf6 10. Bd2 Bb4 11. O-O-O Nd5 12. Ne4 Bxd2+ 13. Rxd2 Qc7 14.
Qf3 Nd7 15. Qa3 Ne7 16. Nd6+ Kf8 17. g3 Nf6 18. f3 b5 19. Be2 a5 20. Ne4 b4 21.
Qb3 Nf5 22. Bc4 Qb6 23. Rhd1 a4 24. Qd3 Rd8 25. c3 bxc3 26. Qxc3 Kg8 27. Kb1
Nd5 28. Bxd5 cxd5 29. Nc5 Qb5 30. Nd3 Ne3 31. Rc1 1/2-1/2

[Event "Aut_chT"]
[Site "Jenbach"]
[Date "2003.01.23"]
[Round "5.6"]
[White "Polzin, Rainer"]
[Black "Baburin, Alexander"]
[Result "0-1"]
[WhiteElo "2467"]
[BlackElo "2558"]
[PlyCount "152"]
[EventDate "2003.01.23"]

1. e4 Nf6 2. e5 Nd5 3. d4 d6 4. c4 Nb6 5. exd6 exd6 6. Nc3 Be7 7. Bd3 Nc6 8.
Nge2 Bg4 9. f3 Bh5 10. b3 Bh4+ 11. g3 Bf6 12. Be4 Bg6 13. O-O O-O 14. Bf4 Re8
15. Qd2 Rb8 16. Rad1 Ne7 17. c5 Nbc8 18. Bxg6 Nxg6 19. Ne4 Be7 20. Be3 Bf8 21.
Bf2 dxc5 22. dxc5 Nce7 23. Qc2 Qc8 24. Kg2 Nc6 25. h4 h6 26. N2c3 f5 27. Nd2
Qe6 28. Rfe1 Qf7 29. Nc4 Rxe1 30. Rxe1 Rd8 31. a3 a6 32. Ne2 Be7 33. h5 Nf8 34.
Nf4 Bg5 35. Ne5 Nxe5 36. Rxe5 Bxf4 37. Rxf5 Qe8 38. Rxf4 Qxh5 39. Rf5 Qe8 40.
Qc4+ Kh7 41. Rd5 Rxd5 42. Qxd5 c6 43. Qd6 Ng6 44. Qd3 Kg8 45. Bd4 Ne7 46. Qe4
Qf7 47. b4 Nf5 48. Bf2 h5 49. Qe5 Kh7 50. Qe4 Qg6 51. Qf4 Nh6 52. Qc7 Qf7 53.
Qe5 Qf5 54. Qe7 Nf7 55. Bd4 Qc2+ 56. Bf2 Qf5 57. Bd4 Kg6 58. Qe2 Ng5 59. Qe8+
Qf7 60. Qe2 Qe6 61. Qd3+ Kf7 62. Be3 Qh3+ 63. Kf2 Qh2+ 64. Ke1 Qxg3+ 65. Bf2
Qe5+ 66. Kf1 Qd5 67. Qxd5+ cxd5 68. Ke2 Ke6 69. a4 Kd7 70. f4 Ne4 71. Bd4 Ng3+
72. Kf3 Nf5 73. Bf2 Kc6 74. Bg1 g6 75. Bf2 h4 76. Kg4 d4 0-1

[Event "Aut_chT"]
[Site "Jenbach"]
[Date "2003.01.23"]
[Round "5.6"]
[White "Beim, Valeri"]
[Black "Schwarz, Michael"]
[Result "0-1"]
[WhiteElo "2553"]
[BlackElo "2410"]
[PlyCount "50"]
[EventDate "2003.01.23"]

1. c4 e6 2. Nc3 d5 3. d4 Nf6 4. cxd5 exd5 5. Bg5 Be7 6. e3 c6 7. Bd3 h6 8. Bf4
O-O 9. Nf3 Bg4 10. Qc2 Nbd7 11. h3 Bxf3 12. gxf3 Nh5 13. Bh2 b5 14. O-O Rc8 15.
a4 b4 16. Ne2 c5 17. Ba6 Rc6 18. Bb7 Rg6+ 19. Kh1 Ndf6 20. Ba6 c4 21. f4 b3 22.
Qb1 Ne4 23. Bxc4 Qd7 24. Bd3 Qxh3 25. Bxe4 dxe4 0-1

[Event "Aut_chT"]
[Site "Jenbach"]
[Date "2003.01.23"]
[Round "5.6"]
[White "Schlosser, Michael"]
[Black "Mahdy, Khaled"]
[Result "1/2-1/2"]
[WhiteElo "2344"]
[BlackElo "2374"]
[PlyCount "54"]
[EventDate "2003.01.23"]

1. e4 e5 2. Nf3 Nc6 3. Bb5 a6 4. Ba4 Nf6 5. O-O Be7 6. Qe2 b5 7. Bb3 d6 8. c3
O-O 9. h3 Na5 10. Bc2 c5 11. a4 Be6 12. axb5 axb5 13. d4 Bc4 14. Bd3 Bxd3 15.
Qxd3 c4 16. Qe2 Nb3 17. Rxa8 Qxa8 18. Nbd2 Nxd2 19. Nxd2 exd4 20. cxd4 Re8 21.
Rd1 Bd8 22. f3 Bb6 23. Nf1 Qa7 24. Be3 Nd7 25. Qf2 d5 26. e5 Nf8 27. f4 f6
1/2-1/2

[Event "Aut_chT"]
[Site "Jenbach"]
[Date "2003.01.23"]
[Round "5.6"]
[White "Kleiser, Gregor"]
[Black "Kotz, Heinz Peter"]
[Result "0-1"]
[WhiteElo "2201"]
[BlackElo "2325"]
[PlyCount "102"]
[EventDate "2003.01.23"]

1. e4 e5 2. Nf3 Nc6 3. Bb5 a6 4. Bxc6 dxc6 5. O-O Bg4 6. d3 Qf6 7. Be3 Ne7 8.
Nbd2 Ng6 9. Bg5 Qe6 10. h3 Bxf3 11. Qxf3 Be7 12. Be3 b5 13. Nb3 O-O 14. Rfd1 f5
15. exf5 Rxf5 16. Qe4 Nf4 17. Re1 Raf8 18. Bxf4 Rxf4 19. Qxe5 Qxe5 20. Rxe5 Bf6
21. Re4 Bxb2 22. Rxf4 Rxf4 23. Re1 Ra4 24. Re7 Rxa2 25. Rxc7 a5 26. Rxc6 a4 27.
Nd2 Bd4 28. Kf1 Rb2 29. Ne4 h6 30. c3 a3 31. Rc8+ Kf7 32. Ra8 a2 33. cxd4 b4
34. Ra7+ Kf8 35. Ra8+ Ke7 36. Ra7+ Kd8 37. Nc5 Rb1+ 38. Ke2 a1=Q 39. Rxa1 Rxa1
40. d5 Rc1 41. d4 Rc2+ 42. Ke3 b3 43. Kd3 Rxf2 44. Nxb3 Rxg2 45. Nc5 Ke7 46.
Kc4 Rc2+ 47. Kd3 Rh2 48. Ke4 Rxh3 49. Ne6 g6 50. Nc5 Rh1 51. Nd3 Kd6 0-1

[Event "Aut_chT"]
[Site "Jenbach"]
[Date "2003.01.24"]
[Round "6.1"]
[White "Tischbierek, Raj"]
[Black "Mueller, Karsten"]
[Result "1/2-1/2"]
[WhiteElo "2506"]
[BlackElo "2507"]
[PlyCount "107"]
[EventDate "2003.01.23"]

1. d4 d5 2. c4 c6 3. cxd5 cxd5 4. Nc3 Nf6 5. Bf4 e6 6. e3 Nc6 7. Bd3 Bd6 8.
Bxd6 Qxd6 9. f4 Bd7 10. Nf3 Ng4 11. Qe2 f5 12. O-O O-O 13. h3 Nf6 14. Ne5 Ne7
15. Rac1 Rac8 16. g4 Ne4 17. Bxe4 dxe4 18. Rfd1 Bc6 19. Qc4 Bd5 20. Qa4 a6 21.
Qd7 Rcd8 22. Qxd6 Rxd6 23. b3 Bc6 24. Rd2 Rfd8 25. Rdc2 g6 26. g5 Kg7 27. Nd1
Rh8 28. Nb2 h6 29. gxh6+ Rxh6 30. Kh2 Rd8 31. Rg1 Rc8 32. Rcc1 b5 33. Rc5 Rch8
34. Rg3 Rc8 35. Nd1 Rhh8 36. Rg2 Bb7 37. Rgc2 Nd5 38. Kg3 Rhd8 39. a3 Rxc5 40.
Rxc5 Rc8 41. b4 Kf6 42. Kf2 Rc7 43. h4 Rc8 44. Ke2 Kg7 45. Kd2 Rh8 46. Nc3 Rxh4
47. Nxd5 Bxd5 48. Rc7+ Kh6 49. Nf7+ Kh5 50. Ne5 Rh2+ 51. Ke1 Kh6 52. Nf7+ Kg7
53. Ne5+ Kh6 54. Rg7 1/2-1/2

[Event "Aut_chT"]
[Site "Jenbach"]
[Date "2003.01.24"]
[Round "6.1"]
[White "Polzin, Rainer"]
[Black "Eichler, Christoph"]
[Result "1-0"]
[WhiteElo "2467"]
[BlackElo "2302"]
[PlyCount "91"]
[EventDate "2003.01.23"]

1. e4 g6 2. d4 Bg7 3. Nc3 c6 4. h3 d5 5. Nf3 Nf6 6. e5 Ne4 7. Nxe4 dxe4 8. Ng5
c5 9. d5 Bxe5 10. Nxe4 O-O 11. c3 Nd7 12. Bh6 Re8 13. Bb5 Qc7 14. O-O a6 15.
Bxd7 Bxd7 16. f4 Bh8 17. Qf3 Rad8 18. f5 Bxf5 19. g4 Rxd5 20. gxf5 Rxf5 21. Qe3
Rxf1+ 22. Rxf1 Rc8 23. Qf3 f6 24. Ng5 Qe5 25. Rf2 Rd8 26. Re2 Rd1+ 27. Kg2 Qd6
28. Qxb7 Qd5+ 29. Qxd5+ Rxd5 30. Rxe7 Rd2+ 31. Kf3 fxg5 32. Re8+ Kf7 33. Rxh8
Rxb2 34. Rxh7+ Kf6 35. Rc7 Rxa2 36. Rc6+ Kf7 37. Rxc5 a5 38. Bxg5 a4 39. Be3
Ra1 40. Ra5 a3 41. Bd4 a2 42. c4 Rf1+ 43. Ke4 Rh1 44. Rxa2 Rxh3 45. Ra7+ Ke6
46. Ra6+ 1-0

[Event "Aut_chT"]
[Site "Jenbach"]
[Date "2003.01.24"]
[Round "6.1"]
[White "Druckenthaner, Andreas"]
[Black "Schwarz, Michael"]
[Result "0-1"]
[WhiteElo "2318"]
[BlackElo "2410"]
[PlyCount "38"]
[EventDate "2003.01.23"]

1. d4 d5 2. c4 c6 3. Nf3 Nf6 4. e3 Bf5 5. Bd3 Bxd3 6. Qxd3 e6 7. O-O Be7 8. Nc3
Nbd7 9. b3 O-O 10. Bb2 Qa5 11. cxd5 cxd5 12. Nd2 Rfc8 13. a3 a6 14. b4 Qd8 15.
e4 dxe4 16. Ncxe4 Nxe4 17. Qxe4 Nf6 18. Qxb7 Rc2 19. Bc1 Nd5 0-1